HIGH COURT CRIMINAL SESSION No.724 of 1970 Uganda Vs Eremegio Otim (Record no. 6685)

MARC details
000 -LEADER
fixed length control field 00483nam a22001097a 4500
008 - FIXED-LENGTH DATA ELEMENTS--GENERAL INFORMATION
fixed length control field 150624b xxu||||| |||| 00| 0 eng d
010 ## - LIBRARY OF CONGRESS CONTROL NUMBER
Field link and sequence number HCCRSARF: 006
245 ## - TITLE STATEMENT
Title HIGH COURT CRIMINAL SESSION No.724 of 1970 Uganda Vs Eremegio Otim
260 ## - PUBLICATION, DISTRIBUTION, ETC. (IMPRINT)
Place of publication, distribution, etc High Court Kampala
500 ## - GENERAL NOTE
Materials specified (original criminal Case No.MS.423of 1970 in the chief Magistrate's court of Soroti at Soroti<br/>Before: His Worship R.Ssebuggwawo , Esq.,Ag Chief Magistrate)<br/>
500 ## - GENERAL NOTE
Materials specified Before: Hon. Mr. Justice W.H. Goudie
Holdings
Withdrawn status Lost status Source of classification or shelving scheme Damaged status Koha normalized classification for sorting Not for loan Location (home branch) Sublocation or collection (holding branch) Shelving location Date acquired Koha issues (times borrowed) Koha full call number Piece designation (barcode) Koha date last seen Price effective from Koha item type
    Dewey Decimal Classification   HCCRSARF___006   Archives Archives Archives 06/24/2015   HCCRSARF__006 1118/2015 06/24/2015 06/24/2015 Un Reported Cases
    Dewey Decimal Classification   HCCRSARF___006   Archives Archives Archives 06/24/2015   HCCRSARF__006 1119/2015 06/24/2015 06/24/2015 Un Reported Cases